[Event "ESP-chT CECLUB Div1"]
[Site "Linares"]
[Date "2020.10.05"]
[Round "3.5"]
[White "Gomez Dieguez, Adrian"]
[Black "Vela Frago, Alberto"]
[Result "1-0"]
[WhiteElo "2272"]
[BlackElo "2071"]
[PlyCount "57"]
[EventDate "2020.10.03"]
[EventType "team-tourn"]
[EventRounds "7"]
[EventCountry "ESP"]
[SourceTitle "CBM 198 Extra"]
[Source "ChessBase"]
[SourceDate "2020.11.30"]
[SourceVersion "1"]
[SourceVersionDate "2020.11.30"]
[SourceQuality "1"]
[WhiteTeam "Ourense Deportivo"]
[BlackTeam "Stadium Casablanca"]
[WhiteTeamCountry "ESP"]
[BlackTeamCountry "ESP"]

1. e4 e5 2. Nf3 Nc6 3. Bc4 Nf6 4. d3 Bc5 5. c3 d6 6. Bb3 a5 7. Nbd2 0-0 8. h3 Be6 9. Nf1 Bxb3 10. Qxb3 a4 11. Qc2 Qb8 12. Ng3 b5 13. Bg5 Nd7 14. Qd2 f6 15. Be3 Bxe3 16. fxe3 g6 17. 0-0 Ne7 18. Qe2 c5 19. Nh4 Qc7 20. Qg4 Kh8 21. Rf2 Rf7 22. Nf3 Rff8 23. Raf1 Rg8 24. Ng5 Rae8 25. Nf7+ Kg7 26. Nh5+ Kf8 27. Nxf6 Nf5 28. Nxe8 Kxe8 29. Rxf5 1-0

[Event "Benidorm op U2300 17th"]
[Site "Benidorm"]
[Date "2018.12.08"]
[Round "10"]
[White "Gomez Dieguez, Adrian"]
[Black "Chernikov, Vladimir"]
[Result "1-0"]
[WhiteElo "2289"]
[BlackElo "2208"]
[PlyCount "89"]
[EventDate "2018.11.30"]
[EventType "swiss"]
[EventRounds "10"]
[EventCountry "ESP"]
[SourceTitle "EXT 2022"]
[Source "ChessBase"]
[SourceDate "2021.10.06"]
[SourceVersion "1"]
[SourceVersionDate "2021.10.06"]
[SourceQuality "1"]

1. e4 d6 2. d4 Nf6 3. Nc3 Nbd7 4. Nf3 e5 5. Bc4 Be7 6. 0-0 0-0 7. Re1 c6 8. a4 exd4 9. Nxd4 Ne5 10. Bf1 Re8 11. f4 Ng6 12. g3 d5 13. exd5 Bg4 14. Qd3 Nxd5 15. Nxd5 Qxd5 16. Bg2 Qd7 17. Be3 Bf6 18. Bf2 Rxe1+ 19. Rxe1 Rd8 20. Nf3 Qxd3 21. cxd3 Bxf3 22. Bxf3 Bd4 23. a5 Bxf2+ 24. Kxf2 Rxd3 25. Re8+ Nf8 26. Rb8 Rd7 27. b4 a6 28. Bg4 Re7 29. Bc8 Re8 30. Ra8 Ne6 31. Bxb7 Rxa8 32. Bxa8 Nd8 33. Ke3 Kf8 34. Kd4 Ke7 35. Kc5 Kd7 36. Kb6 Kd6 37. Bb7 Nxb7 38. Kxb7 c5 39. bxc5+ Kxc5 40. Kxa6 Kc6 41. f5 h6 42. g4 f6 43. h3 h5 44. gxh5 Kc7 45. Kb5 1-0

[Event "Benidorm op U2300 17th"]
[Site "Benidorm"]
[Date "2018.12.04"]
[Round "5"]
[White "Gomez Dieguez, Adrian"]
[Black "Carbonell Sancho, Marc"]
[Result "1-0"]
[WhiteElo "2289"]
[BlackElo "2146"]
[PlyCount "53"]
[EventDate "2018.11.30"]
[EventType "swiss"]
[EventRounds "10"]
[EventCountry "ESP"]
[SourceTitle "EXT 2022"]
[Source "ChessBase"]
[SourceDate "2021.10.06"]
[SourceVersion "1"]
[SourceVersionDate "2021.10.06"]
[SourceQuality "1"]

1. e4 e6 2. d4 d5 3. Nc3 Nf6 4. e5 Nfd7 5. f4 c5 6. Nf3 Nc6 7. Be3 Be7 8. Qd2 0-0 9. dxc5 Bxc5 10. 0-0-0 Qa5 11. a3 Rb8 12. Bxc5 Qxc5 13. Bd3 f6 14. Rhe1 b5 15. b4 Qb6 16. Bf5 Ndxe5 17. fxe5 fxe5 18. Bd3 a5 19. Nxe5 axb4 20. Nxc6 Qa6 21. Ne7+ Kh8 22. Nb1 bxa3 23. Qb4 a2 24. Ng6+ hxg6 25. Qxf8+ Kh7 26. Re5 Qa3+ 27. Qxa3 1-0

[Event "ESP-chT CECLUB Div2"]
[Site "Linares"]
[Date "2018.08.14"]
[Round "1.2"]
[White "Gomez Dieguez, Adrian"]
[Black "Cabrera Valverde, Cristina"]
[Result "1-0"]
[WhiteElo "2277"]
[BlackElo "1902"]
[PlyCount "87"]
[EventDate "2018.08.14"]
[EventType "team-swiss"]
[EventRounds "7"]
[EventCountry "ESP"]
[SourceTitle "CBM 186 Extra"]
[Source "ChessBase"]
[SourceDate "2018.08.24"]
[SourceVersion "1"]
[SourceVersionDate "2018.08.24"]
[SourceQuality "1"]
[WhiteTeam "Ourense Deportivo"]
[BlackTeam "Ajedrez Roquetas"]
[WhiteTeamCountry "ESP"]
[BlackTeamCountry "ESP"]

1. e4 Nf6 2. e5 Nd5 3. d4 d6 4. c4 Nb6 5. f4 dxe5 6. fxe5 Nc6 7. Be3 Bf5 8. Nc3 e6 9. Nf3 Be7 10. Be2 0-0 11. 0-0 Rc8 12. Qd2 Qd7 13. Rad1 Rfd8 14. d5 Nb4 15. Nd4 Na6 16. Nxf5 exf5 17. Qc2 g6 18. g4 Qe8 19. gxf5 Bc5 20. Qe4 Nd7 21. fxg6 hxg6 22. e6 f5 23. Qf4 Nf6 24. Bxc5 Nxc5 25. Qd4 Nce4 26. Nxe4 Nxe4 27. Bf3 Ng5 28. Qf6 Nh7 29. Qe5 Qe7 30. Kg2 Qf6 31. Qxf6 Nxf6 32. Kg3 b6 33. Kf4 Kg7 34. h4 Kh6 35. Rg1 Rg8 36. Ke5 Ne8 37. Rg5 Nd6 38. b3 Rce8 39. Rdg1 Nf7+ 40. Kf6 Nh8 41. e7 Kh7 42. h5 Rg7 43. hxg6+ Kg8 44. d6 1-0

[Event "Famalicao op 5th"]
[Site "Famalicao"]
[Date "2017.08.02"]
[Round "6"]
[White "Gomez Dieguez, Adrian"]
[Black "Petkov, Vladimir"]
[Result "1/2-1/2"]
[WhiteElo "2232"]
[BlackElo "2489"]
[PlyCount "141"]
[EventDate "2017.07.29"]
[EventType "swiss"]
[EventRounds "9"]
[EventCountry "POR"]
[SourceTitle "EXT 2018"]
[Source "ChessBase"]
[SourceDate "2017.10.13"]
[SourceVersion "1"]
[SourceVersionDate "2017.10.13"]
[SourceQuality "1"]

1. e4 c5 2. Ne2 d6 3. g3 Nc6 4. Bg2 g6 5. 0-0 Bg7 6. c3 Bg4 7. h3 Bxe2 8. Qxe2 Nf6 9. f4 Rc8 10. Na3 0-0 11. Nc2 Nd7 12. h4 c4 13. d4 cxd3 14. Qxd3 Qb6+ 15. Kh1 Nc5 16. Qe2 Qa6 17. Qxa6 bxa6 18. Rb1 Rc7 19. Bd2 Rb8 20. b3 a5 21. Kg1 e6 22. Rfd1 Ne7 23. c4 Nc6 24. Be3 Bf8 25. Kf1 Nb4 26. Nxb4 axb4 27. Ke2 a5 28. h5 a4 29. hxg6 hxg6 30. f5 axb3 31. axb3 exf5 32. exf5 Re8 33. Kf2 gxf5 34. Bxc5 dxc5 35. Bh3 Rce7 36. Re1 Bg7 37. Rxe7 Bd4+ 38. Kf1 Rxe7 39. Re1 Ra7 40. Bxf5 Bc3 41. Re2 Kg7 42. Kg2 Kf6 43. Bd3 Bd4 44. Bc2 Ra1 45. Kf3 Kg5 46. Bd3 Rf1+ 47. Kg2 Rc1 48. Bc2 f5 49. Rd2 Be3 50. Re2 Bd4 51. Rd2 Rg1+ 52. Kf3 Rf1+ 53. Kg2 Re1 54. Bd1 f4 55. Rd3 Rg1+ 56. Kh2 Re1 57. Kg2 Kf5 58. Bh5 Rg1+ 59. Kh2 Rb1 60. Kg2 Rb2+ 61. Kh3 Be5 62. Rf3 Kg5 63. Bg4 Rc2 64. Be6 Rd2 65. Bc8 Rd8 66. Be6 Rd1 67. Kg2 Rd2+ 68. Rf2 Rxf2+ 69. Kxf2 fxg3+ 70. Kg2 Kf4 71. Bd7 1/2-1/2

[Event "Famalicao op 5th"]
[Site "Famalicao"]
[Date "2017.07.31"]
[Round "4"]
[White "Romano, Joao Manuel Pereira"]
[Black "Gomez Dieguez, Adrian"]
[Result "0-1"]
[WhiteElo "1877"]
[BlackElo "2232"]
[PlyCount "37"]
[EventDate "2017.07.29"]
[EventType "swiss"]
[EventRounds "9"]
[EventCountry "POR"]
[SourceTitle "EXT 2018"]
[Source "ChessBase"]
[SourceDate "2017.10.13"]
[SourceVersion "1"]
[SourceVersionDate "2017.10.13"]
[SourceQuality "1"]

1. e4 e5 2. Nf3 Nc6 3. Nc3 Nf6 4. Bb5 Bd6 5. 0-0 0-0 6. Re1 Re8 7. h3 Nd4 8. Bc4 c6 9. a4 Bb4 10. Nxd4 exd4 11. e5 d5 12. exf6 dxc4 13. Rxe8+ Qxe8 14. Ne2 d3 15. Ng3 Qe5 16. cxd3 cxd3 17. Qb3 Qd4 18. Ra3 Bc5 19. Nh1 0-1

[Event "Pontevedra op 4th"]
[Site "Pontevedra"]
[Date "2016.08.13"]
[Round "8"]
[White "Gomez Dieguez, Adrian"]
[Black "Cabezas Ayala, Ivan"]
[Result "0-1"]
[WhiteElo "2181"]
[BlackElo "2318"]
[PlyCount "178"]
[EventDate "2016.08.08"]
[EventType "swiss"]
[EventRounds "9"]
[EventCountry "ESP"]
[SourceTitle "CBM 173 Extra"]
[Source "ChessBase"]
[SourceDate "2016.08.29"]
[SourceVersion "1"]
[SourceVersionDate "2016.08.29"]
[SourceQuality "1"]

1. e4 e5 2. Nf3 Nc6 3. Bc4 Nf6 4. d3 Be7 5. Nbd2 0-0 6. c3 d6 7. Bb3 h6 8. Nf1 Re8 9. Ng3 Bf8 10. 0-0 g6 11. Bd2 Na5 12. Bc2 c5 13. d4 Nc6 14. d5 Nb8 15. Qc1 Kh7 16. h4 Nh5 17. Nxh5 gxh5 18. g3 Qf6 19. Nh2 Bh3 20. Re1 Be7 21. Qd1 Qg6 22. Qf3 Nd7 23. Kh1 Rg8 24. Rg1 Nf6 25. c4 Rg7 26. Nf1 Ng4 27. Ne3 Nxe3 28. Qxe3 Rag8 29. Kh2 Bd7 30. f4 Bg4 31. f5 Qf6 32. a3 Bd8 33. Qf2 Bb6 34. Bd3 Bd8 35. Be3 Be7 36. b4 b6 37. Rab1 Bd8 38. Rb2 Bc7 39. Rbb1 Bd8 40. Bd2 Bc7 41. Qe3 Bd8 42. Ra1 Bc7 43. Be1 Rb8 44. Bc2 Ra8 45. Bf2 Rd8 46. Qd3 Rdg8 47. Rgb1 Kh8 48. b5 Ra8 49. a4 a5 50. bxa6 Rxa6 51. a5 Rxa5 52. Rxa5 bxa5 53. Rb7 Bd8 54. Be1 Rg8 55. Bd2 Qg7 56. Be1 Bxh4 57. gxh4 Bd1 58. Qg3 Bxc2 59. Qxg7+ Kxg7 60. Bxa5 Bxe4 61. Bc7 Kf6 62. Bxd6 Rg2+ 63. Kh3 Rc2 64. Be7+ Kxf5 65. Bf8 f6 66. Rf7 Kg6 67. Rb7 Kf5 68. Rf7 Rxc4 69. d6 Rd4 70. Be7 Kf4 71. Rxf6+ Bf5+ 72. Kg2 c4 73. Rxh6 Rd2+ 74. Kf1 Kf3 75. Ke1 c3 76. Rf6 Ke4 77. Bf8 Bg4 78. Bh6 Rd1+ 79. Kf2 c2 80. d7 Bxd7 81. Rf7 Bc6 82. Rh7 c1Q 83. Bxc1 Rxc1 84. Rxh5 Rc2+ 85. Ke1 Kf4 86. Rh7 Ke3 87. Kd1 Ba4 88. Ra7 Rc4+ 89. Ke1 Rc1# 0-1

[Event "ESP-ch U18"]
[Site "Granada"]
[Date "2016.07.28"]
[Round "6"]
[White "Gomez Dieguez, Adrian"]
[Black "Alfaya Marcelo, Roberto"]
[Result "1-0"]
[WhiteElo "2198"]
[BlackElo "2097"]
[PlyCount "55"]
[EventDate "2016.07.25"]
[EventType "swiss"]
[EventRounds "9"]
[EventCountry "ESP"]
[SourceTitle "EXT 2024"]
[Source "ChessBase"]
[SourceDate "2023.10.10"]
[SourceVersion "1"]
[SourceVersionDate "2023.10.10"]
[SourceQuality "1"]

1. e4 c5 2. Nc3 a6 3. Nge2 e6 4. g3 b5 5. Bg2 Bb7 6. 0-0 Nc6 7. d4 cxd4 8. Nxd4 Qc7 9. Re1 d6 10. a4 b4 11. Nd5 Qb8 12. Nb6 Ra7 13. Nxc6 Bxc6 14. a5 Nf6 15. Qd2 Nd7 16. Qxb4 Be7 17. Qc3 0-0 18. Qxc6 Nc5 19. e5 d5 20. Nxd5 exd5 21. Qxd5 Rd7 22. Qc6 Rfd8 23. Be3 Qxe5 24. b4 Ne6 25. Bb6 Qf6 26. Bxd8 Rxd8 27. c3 Rd2 28. Qf3 1-0

[Event "ESP-ch U18"]
[Site "Granada"]
[Date "2016.07.26"]
[Round "3"]
[White "Santos Ruiz, Miguel"]
[Black "Gomez Dieguez, Adrian"]
[Result "1-0"]
[WhiteElo "2410"]
[BlackElo "2198"]
[PlyCount "51"]
[EventDate "2016.07.25"]
[EventType "swiss"]
[EventRounds "9"]
[EventCountry "ESP"]
[SourceTitle "EXT 2024"]
[Source "ChessBase"]
[SourceDate "2023.10.10"]
[SourceVersion "1"]
[SourceVersionDate "2023.10.10"]
[SourceQuality "1"]

1. e4 e5 2. Nf3 Nc6 3. Bb5 a6 4. Bxc6 dxc6 5. 0-0 Qd6 6. Na3 Be6 7. Qe2 f6 8. d4 exd4 9. Rd1 c5 10. c3 d3 11. Rxd3 Qc6 12. e5 Ne7 13. exf6 gxf6 14. Bf4 Nd5 15. Rxd5 Qxd5 16. Rd1 Qc6 17. Nc4 Bg7 18. Nd6+ Ke7 19. Re1 Qd7 20. Nxb7 Qd5 21. c4 Qxb7 22. Qxe6+ Kf8 23. Ng5 fxg5 24. Qf5+ Kg8 25. Re7 Qb6 26. Qf7# 1-0

[Event "ESP-ch U18"]
[Site "Granada"]
[Date "2016.07.25"]
[Round "1"]
[White "Rodriguez Sanz, Gabriel"]
[Black "Gomez Dieguez, Adrian"]
[Result "0-1"]
[WhiteElo "1791"]
[BlackElo "2198"]
[PlyCount "66"]
[EventDate "2016.07.25"]
[EventType "swiss"]
[EventRounds "9"]
[EventCountry "ESP"]
[SourceTitle "EXT 2024"]
[Source "ChessBase"]
[SourceDate "2023.10.10"]
[SourceVersion "1"]
[SourceVersionDate "2023.10.10"]
[SourceQuality "1"]

1. d4 Nf6 2. Nf3 g6 3. e3 Bg7 4. Bd3 0-0 5. Nbd2 d6 6. 0-0 Nbd7 7. b3 e5 8. Bb2 Re8 9. e4 exd4 10. Bxd4 b6 11. Re1 Bb7 12. h3 Nc5 13. Bxc5 bxc5 14. Rc1 Nd7 15. c3 a5 16. Qc2 a4 17. Nf1 axb3 18. axb3 Ra3 19. Ra1 Rxa1 20. Rxa1 c4 21. bxc4 Nc5 22. N1d2 Qf6 23. Nd4 Qf4 24. g3 Qe5 25. Re1 Nxd3 26. Qxd3 f5 27. Rb1 fxe4 28. Qe3 Bc8 29. Kg2 Bf6 30. f4 exf3+ 31. Qxf3 Bg5 32. Nf1 c5 33. Nb5 Bf5 0-1

[Event "Galego-ch"]
[Site "Padron"]
[Date "2016.03.23"]
[Round "5.4"]
[White "Guerra Bastida, Diego"]
[Black "Gomez Dieguez, Adrian"]
[Result "1/2-1/2"]
[WhiteElo "2313"]
[BlackElo "2116"]
[PlyCount "42"]
[EventDate "2016.03.19"]
[EventType "swiss"]
[EventRounds "7"]
[EventCountry "ESP"]
[SourceTitle "EXT 2024"]
[Source "ChessBase"]
[SourceDate "2023.10.10"]
[SourceVersion "1"]
[SourceVersionDate "2023.10.10"]
[SourceQuality "1"]

1. d4 Nf6 2. Nf3 g6 3. c4 Bg7 4. Nc3 0-0 5. e4 d6 6. Be2 e5 7. d5 a5 8. Bg5 h6 9. Bh4 Nbd7 10. Nd2 Nc5 11. f3 Qd7 12. g4 Nh7 13. Bf2 f5 14. gxf5 gxf5 15. Bxc5 dxc5 16. Qc2 Bf6 17. 0-0-0 f4 18. Ndb1 Be7 19. Nb5 Bd6 20. Rhg1+ Kf7 21. N1c3 Qe7 1/2-1/2

[Event "Galego-ch"]
[Site "Padron"]
[Date "2016.03.22"]
[Round "4.10"]
[White "Gomez Dieguez, Adrian"]
[Black "Lopez Gonzalez, Alfonso"]
[Result "1-0"]
[WhiteElo "2116"]
[BlackElo "1865"]
[PlyCount "67"]
[EventDate "2016.03.19"]
[EventType "swiss"]
[EventRounds "7"]
[EventCountry "ESP"]
[SourceTitle "EXT 2024"]
[Source "ChessBase"]
[SourceDate "2023.10.10"]
[SourceVersion "1"]
[SourceVersionDate "2023.10.10"]
[SourceQuality "1"]

1. e4 e6 2. d4 d5 3. Nd2 Nf6 4. e5 Nfd7 5. f4 c5 6. Ngf3 Nc6 7. c3 Qb6 8. Nb3 cxd4 9. Nbxd4 Nxd4 10. cxd4 Qb4+ 11. Kf2 Be7 12. Bd3 g6 13. h4 h5 14. a3 Qb6 15. b4 Nb8 16. Be3 Bd7 17. b5 a6 18. a4 axb5 19. axb5 Rxa1 20. Qxa1 Kf8 21. Rc1 Kg7 22. Bd2 Rc8 23. Rxc8 Bxc8 24. Qa8 Qc7 25. b6 Qxb6 26. Qxb8 Bd7 27. Qa8 Qb3 28. Ke2 Ba4 29. g3 Qd1+ 30. Ke3 b5 31. Qb7 Ba3 32. Be2 Qb1 33. Kf2 Qe4 34. Ng5 1-0

[Event "Gallego-ch U18"]
[Site "Viveiro"]
[Date "2016.02.07"]
[Round "3"]
[White "Garcia Sobrino, David"]
[Black "Gomez Dieguez, Adrian"]
[Result "1/2-1/2"]
[WhiteElo "2014"]
[BlackElo "2182"]
[PlyCount "114"]
[EventDate "2016.02.06"]
[EventType "swiss"]
[EventRounds "8"]
[EventCountry "ESP"]
[SourceTitle "EXT 2024"]
[Source "ChessBase"]
[SourceDate "2023.10.10"]
[SourceVersion "1"]
[SourceVersionDate "2023.10.10"]
[SourceQuality "1"]

1. e4 e5 2. Nf3 Nc6 3. d4 exd4 4. Nxd4 Bb4+ 5. c3 Bc5 6. Be3 Bb6 7. Nf5 Bxe3 8. Nxe3 Nf6 9. f3 0-0 10. c4 d6 11. Nc3 Nd7 12. Qd2 Nc5 13. Bd3 Ne5 14. Be2 f5 15. exf5 Bxf5 16. 0-0 a5 17. f4 Ng6 18. Nxf5 Rxf5 19. g3 Rf7 20. Bf3 Re7 21. Rae1 Rb8 22. Ne4 b6 23. Ng5 Rxe1 24. Rxe1 Qf6 25. Qd5+ Kh8 26. Nf7+ Kg8 27. Nxd6+ Kf8 28. Ne4 Nxe4 29. Qxe4 Rd8 30. Re2 h6 31. Bh5 Ne7 32. Kg2 g6 33. Bg4 Kf7 34. Be6+ Kg7 35. Bd5 Rd7 36. Qe6 Qxe6 37. Bxe6 Rd3 38. Kf2 Kf6 39. Bg4 Rd6 40. Ke1 Nc6 41. Rd2 Nd4 42. Kf2 c5 43. Bf3 Rd8 44. Rd3 g5 45. fxg5+ hxg5 46. h4 gxh4 47. gxh4 Rh8 48. h5 Kg5 49. Bd1 Rf8+ 50. Kg2 Nf5 51. Kg1 Re8 52. Kf2 Re4 53. b3 Rf4+ 54. Kg2 Re4 55. Kf2 Rf4+ 56. Kg2 Re4 57. Kf2 Rf4+ 1/2-1/2

[Event "ESP-ch U18"]
[Site "Salobrena"]
[Date "2015.07.31"]
[Round "8"]
[White "Gomez Dieguez, Adrian"]
[Black "Ponce Cano, Adrian"]
[Result "1/2-1/2"]
[WhiteElo "2124"]
[BlackElo "2183"]
[PlyCount "62"]
[EventDate "2015.07.27"]
[EventType "swiss"]
[EventRounds "9"]
[EventCountry "ESP"]
[SourceTitle "EXT 2016"]
[Source "ChessBase"]
[SourceDate "2015.10.08"]
[SourceVersion "1"]
[SourceVersionDate "2015.10.08"]
[SourceQuality "1"]

1. b3 d5 2. Bb2 c5 3. e3 Nc6 4. f4 Nf6 5. Nf3 Bg4 6. Bb5 Rc8 7. 0-0 g6 8. Qe1 Bxf3 9. Rxf3 Bg7 10. d3 0-0 11. Bxc6 Rxc6 12. Nd2 Nh5 13. Bxg7 Nxg7 14. Rh3 e6 15. Nf3 Qe7 16. g4 h5 17. Qg3 hxg4 18. Qxg4 Qf6 19. Ne5 Rcc8 20. Rf1 Rfd8 21. Qg5 Ne8 22. Qg3 Qg7 23. Kh1 Nf6 24. Rg1 Kf8 25. Qg5 Ke8 26. Rh6 Ng8 27. Rh3 Nf6 28. Rh6 Ng8 29. Rh4 Nf6 30. Rg3 Nh7 31. Qg4 Nf6 1/2-1/2

[Event "ESP-ch U18"]
[Site "Salobrena"]
[Date "2015.07.31"]
[Round "7"]
[White "Perez Pacheco, Ricardo"]
[Black "Gomez Dieguez, Adrian"]
[Result "1/2-1/2"]
[WhiteElo "2033"]
[BlackElo "2124"]
[PlyCount "72"]
[EventDate "2015.07.27"]
[EventType "swiss"]
[EventRounds "9"]
[EventCountry "ESP"]
[SourceTitle "EXT 2016"]
[Source "ChessBase"]
[SourceDate "2015.10.08"]
[SourceVersion "1"]
[SourceVersionDate "2015.10.08"]
[SourceQuality "1"]

1. e4 e5 2. Nf3 Nc6 3. Bc4 Bc5 4. 0-0 Nf6 5. d4 Bxd4 6. Nxd4 Nxd4 7. f4 Nc6 8. Bxf7+ Ke7 9. fxe5 Nxe5 10. Bb3 d6 11. Bg5 Qe8 12. Nc3 c6 13. Qd2 Bg4 14. h3 Be6 15. Bxe6 Kxe6 16. Bxf6 gxf6 17. Ne2 Qf8 18. Nf4+ Kd7 19. Nh5 Kc7 20. Rxf6 Qe7 21. Rd1 Rad8 22. Rdf1 Rdf8 23. Qh6 Rxf6 24. Rxf6 Rg8 25. Rf2 Rg6 26. Qf4 Qe6 27. Qe3 Qxa2 28. b3 Qa1+ 29. Kh2 Nd7 30. Nf4 Rf6 31. c3 Qa5 32. Qd4 Qe5 33. g3 Kb8 34. Qc4 Rf8 35. b4 h5 36. Qd4 c5 1/2-1/2

[Event "ESP-ch U18"]
[Site "Salobrena"]
[Date "2015.07.29"]
[Round "5"]
[White "Garcia Porlan, Beatriz"]
[Black "Gomez Dieguez, Adrian"]
[Result "1/2-1/2"]
[WhiteElo "2006"]
[BlackElo "2124"]
[PlyCount "187"]
[EventDate "2015.07.27"]
[EventType "swiss"]
[EventRounds "9"]
[EventCountry "ESP"]
[SourceTitle "EXT 2016"]
[Source "ChessBase"]
[SourceDate "2015.10.08"]
[SourceVersion "1"]
[SourceVersionDate "2015.10.08"]
[SourceQuality "1"]

1. e4 e5 2. Nf3 Nc6 3. Be2 Nf6 4. d3 Bc5 5. 0-0 d6 6. c3 Bb6 7. Nbd2 0-0 8. Nc4 h6 9. a4 a6 10. Nxb6 cxb6 11. Re1 Bd7 12. Bf1 Na7 13. d4 Qc7 14. Nh4 b5 15. axb5 Nxb5 16. Qf3 Kh7 17. Nf5 Ng8 18. g4 Na7 19. h4 Nc6 20. Be3 g6 21. Ng3 Qd8 22. g5 h5 23. Nxh5 gxh5 24. Qxh5+ Kg7 25. f4 Nce7 26. Re2 exf4 27. Bxf4 Be6 28. d5 Ng6 29. Be3 Bd7 30. Bd4+ Ne5 31. Rg2 Ne7 32. Qh6+ Kg8 33. Bxe5 dxe5 34. h5 Bf5 35. Bd3 Bg6 36. hxg6 Qb6+ 37. Kh2 Qxg6 38. Rf1 Qxh6+ 39. gxh6+ Ng6 40. Rg5 Kh7 41. Rgf5 Kxh6 42. Rxf7 Nf4 43. Rxf8 Rxf8 44. Rf3 Rg8 45. Bf1 Kg7 46. Rg3+ Ng6 47. c4 Rf8 48. Kg2 Kf6 49. Rf3+ Nf4+ 50. Kf2 Rc8 51. b4 b5 52. c5 a5 53. Bxb5 axb4 54. c6 Ke7 55. Rb3 Rb8 56. Ba6 Kd6 57. Bb7 Rh8 58. Kf1 Rh1+ 59. Kf2 Rc1 60. Ke3 Rc4 61. Ba6 Rc5 62. Rxb4 Rxd5 63. c7 Kxc7 64. Rb7+ Kc6 65. exd5+ Nxd5+ 66. Ke4 Nc7 67. Rb2 Nxa6 68. Kxe5 Nc7 69. Rd2 Nb5 70. Ke6 Nc7+ 71. Ke5 Nb5 72. Rc2+ Kd7 73. Rc5 Nc7 74. Ra5 Kc6 75. Ra2 Nb5 76. Rc2+ Kd7 77. Rc4 Nc7 78. Rb4 Kc6 79. Rc4+ Kd7 80. Rc5 Ne6 81. Rd5+ Ke7 82. Rd6 Nd8 83. Rf6 Nf7+ 84. Kf5 Nd6+ 85. Kg6 Kd7 86. Rf3 Ke6 87. Re3+ Kd5 88. Kf6 Ne4+ 89. Kf5 Nd6+ 90. Kf4 Nb5 91. Rd3+ Kc6 92. Ke5 Kc5 93. Rd2 Kc6 94. Ke4 1/2-1/2

[Event "ESP-ch U18"]
[Site "Salobrena"]
[Date "2015.07.29"]
[Round "4"]
[White "Gomez Dieguez, Adrian"]
[Black "Bernabeu Lopez, Carlos Javier"]
[Result "0-1"]
[WhiteElo "2124"]
[BlackElo "2142"]
[PlyCount "58"]
[EventDate "2015.07.27"]
[EventType "swiss"]
[EventRounds "9"]
[EventCountry "ESP"]
[SourceTitle "EXT 2016"]
[Source "ChessBase"]
[SourceDate "2015.10.08"]
[SourceVersion "1"]
[SourceVersionDate "2015.10.08"]
[SourceQuality "1"]

1. e4 e5 2. Nc3 Nf6 3. a3 d5 4. exd5 Nxd5 5. Qh5 Nc6 6. Bb5 Be7 7. Qxe5 Nxc3 8. Qxc3 0-0 9. Ne2 Bf6 10. Qd3 Qe7 11. Bxc6 bxc6 12. 0-0 Re8 13. Ng3 Rb8 14. Rb1 c5 15. Qe3 Qf8 16. Qf3 Bb7 17. Qg4 g6 18. d3 Qg7 19. b3 h5 20. Qc4 Bd4 21. Be3 h4 22. Bxd4 Qxd4 23. Qxd4 cxd4 24. Ne4 Bxe4 25. dxe4 Rxe4 26. Rfe1 Rxe1+ 27. Rxe1 d3 28. b4 dxc2 29. Kf1 Rd8 0-1

[Event "ESP-ch U18"]
[Site "Salobrena"]
[Date "2015.07.27"]
[Round "2"]
[White "Gomez Dieguez, Adrian"]
[Black "Marquez Marvizon, Alejandra"]
[Result "1/2-1/2"]
[WhiteElo "2124"]
[BlackElo "1968"]
[PlyCount "66"]
[EventDate "2015.07.27"]
[EventType "swiss"]
[EventRounds "9"]
[EventCountry "ESP"]
[SourceTitle "EXT 2016"]
[Source "ChessBase"]
[SourceDate "2015.10.08"]
[SourceVersion "1"]
[SourceVersionDate "2015.10.08"]
[SourceQuality "1"]

1. e4 e6 2. d4 d5 3. Nd2 dxe4 4. Nxe4 Nd7 5. Nf3 Ngf6 6. Nxf6+ Nxf6 7. c3 c5 8. Ne5 a6 9. Be3 Qc7 10. Qa4+ Nd7 11. 0-0-0 cxd4 12. Bxd4 Bd6 13. Nf3 0-0 14. Qc2 e5 15. Be3 Nf6 16. h3 b5 17. g4 Bb7 18. Be2 Rfd8 19. g5 Be4 20. Bd3 Bxf3 21. gxf6 g6 22. h4 Bxd1 23. Rxd1 b4 24. c4 Rac8 25. b3 e4 26. Bxe4 Be5 27. Bd5 Bxf6 28. h5 Qe5 29. hxg6 Qa1+ 30. Qb1 Qc3+ 31. Qc2 Qxc2+ 32. Kxc2 hxg6 33. c5 Be5 1/2-1/2

[Event "Mondariz Marcote Memorial"]
[Site "Mondariz"]
[Date "2014.08.21"]
[Round "6"]
[White "Rodriguez Boado, Martin"]
[Black "Gomez Dieguez, Adrian"]
[Result "1-0"]
[WhiteElo "2163"]
[BlackElo "1970"]
[PlyCount "109"]
[EventDate "2014.08.16"]
[EventType "swiss"]
[EventRounds "9"]
[EventCountry "ESP"]
[SourceTitle "EXT 2015"]
[Source "ChessBase"]
[SourceDate "2014.11.20"]
[SourceVersion "1"]
[SourceVersionDate "2014.11.20"]
[SourceQuality "1"]

1. e4 e5 2. Nf3 Nc6 3. Bc4 Bc5 4. 0-0 Nf6 5. d3 d6 6. h3 Na5 7. Bb5+ c6 8. d4 exd4 9. Bd3 b5 10. Bg5 h6 11. Bh4 Be6 12. a4 a6 13. axb5 axb5 14. Qe1 Nc4 15. Rxa8 Qxa8 16. b4 Bb6 17. e5 Nxe5 18. Nxe5 dxe5 19. Qxe5 Qd8 20. Nd2 Bc7 21. Qe2 g5 22. Bg3 Nd5 23. Qe4 Bxg3 24. fxg3 Nxb4 25. Qe5 Rf8 26. Bf5 Qd5 27. Qf6 Qd8 28. Qxh6 Bxf5 29. Rxf5 f6 30. Rf1 Qe7 31. Nf3 Kd7 32. Re1 Qc5 33. Qg7+ Kc8 34. Re7 Rd8 35. Kh2 Kb8 36. Rb7+ Ka8 37. Qc7 Nd5 38. Qf7 Nb4 39. Ne1 d3 40. Nxd3 Nxd3 41. cxd3 Rxd3 42. Qc7 Rd8 43. Rb6 Qxb6 44. Qxb6 Rc8 45. h4 gxh4 46. gxh4 c5 47. Qa6+ Kb8 48. Qxb5+ Ka7 49. Qd7+ Kb8 50. Qd6+ Kb7 51. Qxf6 c4 52. Qc3 Kb6 53. h5 Rc5 54. g4 Rc6 55. Kg3 1-0

[Event "Mondariz Marcote Memorial"]
[Site "Mondariz"]
[Date "2014.08.16"]
[Round "1"]
[White "Gomez Dieguez, Adrian"]
[Black "Silva, Mariana Sofia Teixe"]
[Result "1-0"]
[WhiteElo "1970"]
[BlackElo "1639"]
[PlyCount "81"]
[EventDate "2014.08.16"]
[EventType "swiss"]
[EventRounds "9"]
[EventCountry "ESP"]
[SourceTitle "EXT 2015"]
[Source "ChessBase"]
[SourceDate "2014.11.20"]
[SourceVersion "1"]
[SourceVersionDate "2014.11.20"]
[SourceQuality "1"]

1. e4 e6 2. d4 d5 3. Nd2 Nf6 4. e5 Nfd7 5. Bd3 c5 6. c3 Nc6 7. Ne2 Qb6 8. Nf3 f6 9. exf6 Nxf6 10. 0-0 Bd6 11. a3 0-0 12. dxc5 Bxc5 13. b4 Be7 14. c4 Qd8 15. cxd5 exd5 16. Bb2 Bg4 17. Nfd4 Nxd4 18. Bxd4 a5 19. f3 Bh5 20. Nf4 Bf7 21. Bc2 Qc7 22. Nd3 axb4 23. axb4 Rxa1 24. Bxa1 Qb6+ 25. Kh1 Bxb4 26. Ne5 Be6 27. Qd3 Qa6 28. Rb1 Bc5 29. Qd2 Rc8 30. Bd3 Qa4 31. Qg5 Be7 32. Ng4 Bxg4 33. fxg4 Qc6 34. Qd2 Nd7 35. g5 Nc5 36. Bf5 Rd8 37. Qd4 Bf8 38. Rf1 Nb3 39. Qd3 Nxa1 40. Bxh7+ Kh8 41. Qh3 1-0